[Event "St Petersburg-ch"]
[Site "St Petersburg"]
[Date "1999.04.13"]
[Round "8"]
[White "Nikolaev, Nikita"]
[Black "Arykin, A."]
[Result "1/2-1/2"]
[WhiteElo "2329"]
[BlackElo "2162"]

1.d4 Nf6 2.Bg5 d5 3.Nd2 e6 4.Bxf6 Qxf6 5.Ngf3 c5 6.e4 cxd4 7.exd5 exd5 8.Nb3 Bb4+
9.Nbd2 O-O 10.a3 Bd6 11.Be2 d3 12.cxd3 Qxb2 13.O-O Bxa3 14.Rb1 Qf6 15.Qb3 Be7
16.Qxd5 Nc6 17.Ne4 Qg6 18.Rfc1 a5 19.Rb6 a4 20.Ne5 Qe6 21.Nxc6 bxc6 22.Qd4 Bd7
23.Bd1 Qd5 24.Qe3 Rfe8 25.Bf3 Qa5 26.Rb7 Bc8 27.Nf6+ gxf6 28.Rxe7 Be6 29.Rxe8+ Rxe8
30.Rc5 Qb4 31.Bxc6 Bd7 32.Be4 f5 33.Qg5+ Kf8 34.Qh6+ Ke7 35.Qg5+ Kd6 36.Rd5+ Kc7
37.Qc1+ Kd8 38.Rxd7+ Kxd7 39.Bc6+ Kd8 40.Bxe8 Kxe8 41.Qc8+ Ke7 42.Qc7+ Ke6
43.Qc8+ Ke5 44.Qe8+ Kd4 45.Qe3+ Kd5 46.Qf3+ Kd6 47.g3 Qe1+ 48.Kg2 Qe5 49.Kh3 Kc5
50.d4+ Qxd4 51.Qxf5+ Kb4 52.Qb1+ Ka5 53.Qf5+ Ka6 54.Qxf7 a3 55.f4 h5 56.Qxh5 Qd2
57.Qg6+ Kb5 58.Qe8+ Kb4 59.Qb8+ Ka4 60.Qe8+ Kb3 61.Qb5+ Kc2 62.Qa4+ Kb2 63.Qb5+ Ka1
64.Qf1+ Ka2 65.Qc4+ Kb1 66.Qb3+ Qb2 67.Qd1+ Qc1 68.Qd3+  1/2-1/2

[Event "St Petersburg-ch"]
[Site "St Petersburg"]
[Date "1999.04.14"]
[Round "9"]
[White "Krasnov, Vasiliy G"]
[Black "Nikolaev, Nikita"]
[Result "1/2-1/2"]
[WhiteElo "2266"]
[BlackElo "2329"]

1.d4 Nf6 2.Bg5 g6 3.Bxf6 exf6 4.e3 f5 5.h4 Bg7 6.h5 d6 7.Bd3 Nd7 8.g4 fxg4
9.Qxg4 Ne5 10.Qg2 Nxd3+ 11.cxd3 c5 12.Ne2 cxd4 13.exd4 Be6 14.Nbc3 O-O 15.O-O-O b5
16.d5 Bf5 17.Ng3 Qg5+ 18.Kb1 Rfc8 19.Nce4 Bxe4 20.dxe4 Rc4 21.hxg6 hxg6 22.f3 Rac8
23.Rd2 Bh6 24.b3 Qxd2 25.Qxd2 Bxd2 26.bxc4 Rxc4 27.Ne2 Bg5 28.Rd1 Bf6 29.Rd3 a5
30.Rb3 Rc5 31.Rd3 Kf8 32.Nc1 a4 33.a3 Bc3 34.Ne2 Bg7 35.Nc1 f5 36.exf5 gxf5
37.Na2 Kf7 38.Nb4 Kg6 39.Nc6 Kg5 40.Nd8 Rc3 41.Nf7+ Kf4 42.Rxc3 Bxc3 43.Nxd6 Bf6
44.Kc2 b4 45.axb4 Ke5 46.Nc4+ Kxd5 47.Nb6+ Kd4  1/2-1/2

[Event "ROM-chT"]
[Site "Sovata"]
[Date "1999.04.16"]
[Round "1"]
[White "Vasilescu, Lucian"]
[Black "Kadar, Julius"]
[Result "1/2-1/2"]
[WhiteElo "2381"]
[BlackElo "2140"]

1.d4 Nf6 2.Bg5 d5 3.e3 Nbd7 4.c4 e6 5.Nc3 c6 6.a3 a5 7.Nf3 Be7 8.c5 e5 9.Be2 h6
10.Bxf6 Bxf6 11.b4 axb4 12.axb4 Rxa1 13.Qxa1 exd4 14.exd4 O-O 15.O-O b6 16.Qa7 bxc5
17.bxc5 Re8 18.Bd3 Nf8 19.h3 Ne6 20.Ne2 Qc7 21.Ra1 g6 22.Kf1 Re7 23.Qa8 Kg7
24.Bc2 Bb7 25.Qa7 Bc8 26.Qxc7 Rxc7 27.Ra8 Bb7 28.Ra7 Bc8 29.Rxc7 Nxc7 30.Ba4 Bb7
31.Ke1 Kf8 32.Nd2 Ne6 33.Nb3 Ba6 34.Bxc6 Bxe2 35.Kxe2 Nxd4+ 36.Nxd4 Bxd4
37.Bxd5 Bxc5  1/2-1/2

[Event "Bundesliga 9899"]
[Site "Germany"]
[Date "1999.04.17"]
[Round "14.1"]
[White "Rogers, Ian"]
[Black "Baklan, Vladimir"]
[Result "1-0"]
[WhiteElo "2618"]
[BlackElo "2552"]

1.d4 Nf6 2.Bg5 c5 3.Bxf6 gxf6 4.d5 Qb6 5.Qc1 f5 6.g3 Na6 7.Bg2 f4 8.Nd2 Bh6
9.c3 Nc7 10.Qc2 Qa6 11.Nh3 fxg3 12.hxg3 d6 13.Ng1 Bxd2+ 14.Kxd2 h6 15.Rh4 Bd7
16.Rf4 b5 17.Ke1 f5 18.b4 Qb6 19.Rd1 a5 20.a3 axb4 21.axb4 Ra3 22.Bh3 Rf8
23.Nf3 Rf6 24.Nh4 Kd8 25.Bxf5 Be8 26.Bg4 Rxf4 27.gxf4 c4 28.Nf3 Qa7 29.Qf5 Qa8
30.Nd4 Ra1 31.e4 Rxd1+ 32.Kxd1 h5 33.Bh3 e6 34.Nxe6+ Nxe6 35.Qxe6 Qa1+ 36.Ke2 Qb2+
37.Kf1 Qc1+ 38.Kg2 Qxf4 39.Qf5 Qh6 40.f4 Qg7+ 41.Qg5+ Qxg5+ 42.fxg5 Ke7 43.Kg3 Kf7
44.Kh4 Kf8 45.Bf5 Kg7 46.e5  1-0

[Event "BL2-O9899"]
[Site "Germany"]
[Date "1999.04.18"]
[Round "9.3"]
[White "Haubt, Georg"]
[Black "Schaller, Sven"]
[Result "1/2-1/2"]
[WhiteElo "2270"]
[BlackElo "2345"]

1.d4 Nf6 2.Bg5 c5 3.Bxf6 gxf6 4.dxc5 Na6 5.Nc3 Nxc5 6.e4 e6 7.g3 b6 8.Bg2 Bb7
9.Qd4 d6 10.Nge2 a6 11.O-O Be7 12.f4 h5 13.h3 Rc8 14.f5 b5 15.a3 e5  1/2-1/2

[Event "ROM-chT"]
[Site "Sovata"]
[Date "1999.04.18"]
[Round "3"]
[White "Stefanova, Antoaneta"]
[Black "Petrenko, Svetlana"]
[Result "1-0"]
[WhiteElo "2452"]
[BlackElo "2227"]

1.d4 Nf6 2.Bg5 g6 3.Bxf6 exf6 4.c4 f5 5.Nc3 Bg7 6.e3 O-O 7.g3 d6 8.Bg2 c6
9.Nge2 Nd7 10.O-O Nb6 11.b3 Bd7 12.Qd3 Qe7 13.Nf4 Rfd8 14.b4 d5 15.c5 Nc8
16.b5 Qe8 17.bxc6 bxc6 18.Rab1 Ne7 19.Qa6 g5 20.Nd3 Ng6 21.Rfe1 Qe6 22.f4 gxf4
23.Nxf4 Nxf4 24.gxf4 Kh8 25.Qe2 Rab8 26.Qd3 Bf6 27.Rxb8 Rxb8 28.Rb1 Rxb1+
29.Nxb1 Bc8 30.Nd2 Ba6 31.Qb3 Bb5 32.Nf1 Bc4 33.Qa3 a5 34.Ng3 Bh4 35.Kf2 Bd8
36.Bh3 Qh6 37.Kg2 Qg7 38.Qb2 Bb5 39.Qb1 h5 40.Kf2 h4 41.Nxf5 Qg6 42.a4 Bxa4
43.Qb8 Qf6 44.Nd6 Kh7 45.Bf5+ Kg8 46.Bd3 Kf8 47.Nb7 Ke8 48.Nxa5 Qe7 49.Nb7 Qc7
50.Qxd8+ Qxd8 51.Nxd8 Kxd8 52.Kg2 Ke7 53.Kh3 Bb5 54.Bc2 Kf6 55.Kxh4 Be2 56.Kg3 Bb5
57.h4 Ba6 58.e4 dxe4 59.Bxe4 Bb5 60.h5 Kg7 61.Kh4 Kf6 62.d5 cxd5 63.Bxd5 Kg7
64.Bb7  1-0

[Event "Bois Colombes"]
[Site "Bois Colombes"]
[Date "1999.04.27"]
[Round "2"]
[White "Sallen, Laurent"]
[Black "Inkiov, Ventzislav"]
[Result "0-1"]
[WhiteElo "2210"]
[BlackElo "2466"]

1.d4 Nf6 2.Bg5 c5 3.d5 Qb6 4.Nc3 Qxb2 5.Bd2 Qb6 6.e4 d6 7.f4 Qd8 8.Bc4 a6
9.a4 Bg4 10.Nf3 Nfd7 11.O-O g6 12.h3 Bxf3 13.Qxf3 Bg7 14.e5 O-O 15.e6 fxe6
16.dxe6 Ne5 17.fxe5 Rxf3 18.Rxf3 Nc6 19.Rf7 Nxe5 20.Rxg7+ Kxg7 21.Bd5 Qa5
22.Ne4 Qb6 23.c4 Rf8 24.Bc3 Qb3 25.a5 Kg8 26.Bxe5 dxe5 27.Kh2 Qb4 28.Nd6 Rd8
29.Nf7 Rxd5 30.cxd5 Qf4+ 31.Kh1 Qd4  0-1

[Event "Budapest FS05 IM"]
[Site "Budapest"]
[Date "1999.05.04"]
[Round "4"]
[White "Brumen, Dinko"]
[Black "Gladyszev, Oleg"]
[Result "1/2-1/2"]
[WhiteElo "2309"]
[BlackElo "2388"]

1.d4 Nf6 2.Bg5 g6 3.Bxf6 exf6 4.e3 Bg7 5.Bd3 f5 6.c4 d6 7.Ne2 Nd7 8.Nbc3 Nf6
9.O-O O-O 10.Nf4 c6 11.Rb1 a5 12.Na4 Bd7 13.c5 g5 14.Nh5 Nxh5 15.Qxh5 dxc5
16.Nxc5 Bc8 17.f4 Qe8 18.Rbe1 f6 19.Qd1 Kh8 20.Qc2 Qg6 21.fxg5 fxg5 22.g4 b6
23.Bxf5 Qh6 24.Ne4 Bxf5 25.gxf5 Qh4 26.Ng3 Rac8 27.Qb3 Qg4 28.Qd1 Qxd1 29.Rxd1 c5
30.d5 Bxb2 31.Rb1 Ba3 32.Rxb6 c4 33.Ne2 Bc5 34.Re6 Rcd8 35.Nc3 Bb4 36.Rc1 Rxf5
37.e4 Rf3 38.Na4 Ra3 39.Nb6 Bc5+ 40.Kh1 c3 41.Rc6 Bxb6 42.Rxb6 Re8 43.Rb7 Ra4
44.Rxc3 Raxe4 45.Rcc7 Rg4 46.Rxh7+ Kg8 47.Rhg7+ Kh8 48.Rh7+ Kg8 49.Rhg7+ Kh8
50.Rge7 Rc8 51.Rh7+ Kg8 52.Rbg7+ Kf8 53.Rh8+ Kxg7 54.Rxc8 Rd4 55.Rc5 a4 56.a3 Kf6
57.Kg2 Ke5 58.d6+ Kf4 59.Ra5 Rd2+ 60.Kg1 Rxd6 61.Rxa4+ Kf3 62.h3 Rd1+ 63.Kh2 Rd2+
64.Kg1  1/2-1/2

[Event "Budapest FS05 IM"]
[Site "Budapest"]
[Date "1999.05.08"]
[Round "8"]
[White "Carstensen, Jacob"]
[Black "Bromann, Thorbjorn"]
[Result "1/2-1/2"]
[WhiteElo "2157"]
[BlackElo "2250"]

1.d4 Nf6 2.Bg5 d5 3.Bxf6 exf6 4.e3 Be6 5.Bd3 f5 6.Ne2 c6 7.Nd2 Nd7 8.c4 dxc4
9.Bxc4 Bxc4 10.Nxc4 Nb6 11.Ne5 Bb4+ 12.Nc3 Bd6 13.Nf3 O-O 14.O-O Qf6 15.Qb3 Qe6
16.Qc2 Rfe8 17.Rfd1 Rad8 18.Rac1 Bb8 19.g3 g6  1/2-1/2

[Event "Budapest FS05 IM"]
[Site "Budapest"]
[Date "1999.05.11"]
[Round "11"]
[White "Brumen, Dinko"]
[Black "Kjetzae, Johnny"]
[Result "1-0"]
[WhiteElo "2309"]
[BlackElo "2225"]

1.d4 d5 2.Bg5 Nf6 3.Bxf6 exf6 4.e3 Be6 5.g3 c6 6.Bg2 Qd7 7.Nd2 Na6 8.Ne2 Bd6
9.a3 Bh3 10.O-O h5 11.Bxh3 Qxh3 12.Nf4 Bxf4 13.exf4 O-O-O 14.Re1 h4 15.Nf1 hxg3
16.fxg3 Rde8 17.Qd3 Nc7 18.b4 Kd7 19.a4 a6 20.Kf2 Rxe1 21.Rxe1 Re8 22.Rxe8 Nxe8
23.Kg1 Nd6 24.Ne3 g6 25.b5 axb5 26.axb5 Nxb5 27.Nxd5 Qf5 28.Qxf5+ gxf5 29.Ne3 Nxd4
30.h4 Ke8 31.Kf2 Kf8 32.Ke1 Kg7 33.c3 Ne6 34.Nxf5+ Kg6 35.Nd6 Nc5 36.Ke2 b5
37.g4 Na6 38.h5+ Kg7 39.Ne8+  1-0

[Event "Zalakaros Kupa 18th"]
[Site "Zalakaros"]
[Date "1999.05.14"]
[Round "3"]
[White "Berkes, Ferenc"]
[Black "Anka, Emil"]
[Result "0-1"]
[WhiteElo "2349"]
[BlackElo "2464"]

1.d4 Nf6 2.Bg5 d5 3.Bxf6 gxf6 4.e3 c5 5.Nc3 Nc6 6.Qh5 cxd4 7.exd4 e6 8.O-O-O Bd7
9.f4 f5 10.Nge2 Qf6 11.h3 O-O-O 12.g4 Qg6 13.Ng3 Bd6 14.Nce2 fxg4 15.hxg4 Nb4
16.Qxg6 hxg6 17.a3 Rxh1 18.Nxh1 Rh8 19.Nf2 Rh2 20.Nh3 Bb5 21.Rd2 Rh1 22.Rd1 Rxf1
23.Rxf1 Bxe2 24.Re1 Bxg4 25.Nf2 Bxf4+ 26.Kb1 Bg3 27.axb4 Bxf2 28.Rf1 Be3
29.Rxf7 Bf5  0-1

[Event "VCN SchaakFestival"]
[Site "Soest"]
[Date "1999.05.16"]
[Round "6"]
[White "Muhren, Bianca"]
[Black "Otto, Bram"]
[Result "0-1"]
[WhiteElo "1845"]
[BlackElo "1978"]

1.d4 Nf6 2.Bg5 g6 3.Bxf6 exf6 4.Nf3 Bg7 5.c4 d6 6.Nc3 O-O 7.e3 f5 8.g3 Nd7
9.Bg2 Nf6 10.O-O Re8 11.Nd2 Bh6 12.Re1 c6 13.Qc2 Qc7 14.Rac1 Bd7 15.b4 Rac8
16.Qb1 Ng4 17.Nf1 Nf6 18.h3 Rcd8 19.a4 Qc8 20.Kh2 Bg7 21.Nd2 h5 22.Ne2 Bh6
23.Qb3 Ne4 24.Nxe4 fxe4 25.b5 Qc7 26.Nf4 Bf5 27.c5 d5 28.b6 Qb8 29.a5 a6
30.Qd1 h4 31.Rf1 Kg7 32.Rh1 Rh8 33.Qd2 hxg3+ 34.fxg3 Bxf4 35.gxf4 Rh4 36.Kg1 Rdh8
37.Kf2 Bxh3 38.Bxh3 Rxh3 39.Rxh3 Rxh3 40.Rg1 Rh2+ 41.Rg2 Qh8 42.Rxh2 Qxh2+
43.Ke1 Qxd2+ 44.Kxd2 g5 45.Ke2 g4 46.Kf2 Kh6 47.Kg3  0-1

[Event "Zalakaros Kupa 18th"]
[Site "Zalakaros"]
[Date "1999.05.16"]
[Round "5"]
[White "Berkes, Ferenc"]
[Black "Ruck, Robert"]
[Result "1/2-1/2"]
[WhiteElo "2349"]
[BlackElo "2492"]

1.d4 Nf6 2.Bg5 d5 3.Bxf6 gxf6 4.e3 c5 5.Nc3 cxd4 6.exd4 Nc6 7.Qh5 e6 8.O-O-O Bd7
9.g4 Qa5 10.f4 Nb4 11.Kb1 Rc8 12.Nge2 Ba4 13.Rc1 Bxc2+ 14.Rxc2 Nxc2 15.Kxc2 Qxa2
16.Nc1 Qa4+ 17.Kb1 Rxc3 18.bxc3 Ba3 19.g5 Bxc1 20.Kxc1 Qa1+ 21.Kd2 Qb2+ 22.Ke3 Qc1+
23.Kd3 Qb1+ 24.Kd2 Qb2+ 25.Ke3 Qc1+  1/2-1/2

[Event "Zalakaros Kupa 18th"]
[Site "Zalakaros"]
[Date "1999.05.17"]
[Round "6"]
[White "Meszaros, Gyula"]
[Black "Horvath, Csaba"]
[Result "0-1"]
[WhiteElo "2311"]
[BlackElo "2524"]

1.d4 Nf6 2.Bg5 d5 3.Bxf6 gxf6 4.e3 c5 5.Nc3 e6 6.Qh5 a6 7.f4 Qc7 8.f5 cxd4
9.exd4 Ba3 10.fxe6 Bxe6 11.Nxd5 Bxd5 12.Qxd5 Bxb2 13.Rd1 Qxc2 14.Ne2 Nc6
15.Rd2 Bc3 16.Nxc3 Qxc3 17.Qc4 Qa5 18.Qc5 Qxc5 19.dxc5 O-O 20.Bc4 Rad8 21.Rf1 Rfe8+
22.Kd1 Ne5 23.Bd5 Ng4 24.Rf3 Rd7 25.Rg3 f5 26.h3 Red8 27.hxg4 Rxd5 28.gxf5+ Kf8
29.Rxd5 Rxd5+ 30.Ke2 Rxc5 31.Rb3 Re5+ 32.Kd3 Rxf5 33.Rxb7 Rf2 34.a4 Rxg2
35.Ra7 Rg6 36.a5 h5 37.Ke4 h4 38.Rb7 h3 39.Rb1 h2 40.Rh1 Rh6 41.Kf3 Rh5 42.Kg4 Rh6
43.Kg5 Kg7 44.Kf5 Rh5+ 45.Kg4 Kg6 46.Kf4 Rh4+ 47.Kg3 Kg5  0-1

[Event "Zalakaros Kupa 18th"]
[Site "Zalakaros"]
[Date "1999.05.17"]
[Round "6"]
[White "Berkes, Ferenc"]
[Black "Tolstikh, Nikolay"]
[Result "1-0"]
[WhiteElo "2349"]
[BlackElo "2405"]

1.d4 Nf6 2.Bg5 c5 3.Nc3 cxd4 4.Qxd4 Nc6 5.Qh4 b5 6.e4 a6 7.O-O-O h6 8.Nf3 Rg8
9.Bxf6 gxf6 10.Nd5 d6 11.Nd4 Nxd4 12.Rxd4 Qa5 13.f4 Bb7 14.Kb1 Bxd5 15.Rxd5 Rc8
16.Qf2 Rc5 17.Be2 Qc7 18.Rhd1 e6 19.R5d2 f5 20.exf5 Rxf5 21.g4 Rc5 22.f5 Re5
23.Bf3 Qc5 24.Qh4 Rg5 25.fxe6 fxe6 26.Qg3 Rg7 27.Re1 Rxe1+ 28.Qxe1 Re7 29.Qe4 d5
30.Qg6+ Kd7 31.Rd1 Bg7 32.a3 b4 33.Qd3 bxa3 34.Qxa3 Qxa3 35.bxa3 Kd6 36.Rd3 Rc7
37.Kc1 Bc3 38.Kd1 Rc5 39.Ke2 e5 40.Bxd5 Rxd5 41.Rxc3 Ra5 42.Rh3 Kd5 43.Rxh6 Rxa3
44.g5 a5 45.g6 Ke6 46.h4 a4 47.h5 Rh3 48.g7+ Kf7 49.Rg6 Kg8 50.h6  1-0

[Event "Capablanca mem Mixto"]
[Site "Havana"]
[Date "1999.05.20"]
[Round "12"]
[White "Sosa, Luis"]
[Black "Almeida, Omar"]
[Result "0-1"]
[WhiteElo "2254"]
[BlackElo "2344"]

1.d4 Nf6 2.Bg5 c5 3.d5 Qb6 4.Nc3 Qxb2 5.Bd2 Qb6 6.e4 d6 7.f4 e6 8.Nf3 exd5
9.e5 dxe5 10.fxe5 Ne4 11.Nxd5 Qd8 12.Bb5+ Nc6 13.c4 a6 14.Qa4 Bd7 15.Bf4 Rc8
16.Bxc6 Bxc6 17.Qc2 Bxd5 18.O-O-O Qa5 19.Rxd5 Nc3 20.Qf5 Qc7 21.Re1 g6 22.Qf6 Nxd5
23.cxd5 Qd8 24.Qxh8 Qxd5 25.Bh6 Qc4+ 26.Kd1 Rd8+ 27.Nd2 Qg4+ 28.Kc1 Kd7 29.Bxf8 Kc8
30.e6 Qxg2 31.Rd1 fxe6 32.Qf6 Qd5 33.Be7 Rd7 34.Qf8+ Kc7 35.Bh4 Qxa2 36.Bg3+ Kb6
37.Qf4 Kb5 38.Qf1+ c4 39.Qf6 Rd3 40.Qb2+ Qxb2+ 41.Kxb2 c3+ 42.Kc2 Rxd2+  0-1

[Event "Guillermo Garcia mem-A"]
[Site "Santa Clara"]
[Date "1999.05.27"]
[Round "4"]
[White "Nogueiras, Jesus"]
[Black "Rivera, Alberto"]
[Result "1/2-1/2"]
[WhiteElo "2540"]
[BlackElo "2392"]

1.d4 Nf6 2.Bg5 d5 3.e3 Nbd7 4.c4 e6 5.cxd5 exd5 6.Nc3 Be7 7.Bd3 c6 8.Nge2 Nf8
9.Qc2 Ne6 10.Bh4 g6 11.f3 O-O 12.O-O Nh5 13.Bxe7 Qxe7 14.Qd2 Qg5 15.Rad1 f5
16.Bc2 b6 17.e4 fxe4 18.Qxg5 Nxg5 19.fxe4 Nxe4 20.Rxf8+ Kxf8 21.Nxe4 dxe4
22.Bxe4 Bd7 23.Bf3 Nf6 24.Rc1 Rc8 25.Nc3 Ke7 26.h3 Be6 27.a3 Kd7 28.Kf2 Bd5
29.Nxd5 cxd5  1/2-1/2

[Event "Pula op 13th"]
[Site "Pula"]
[Date "1999.05.31"]
[Round "3"]
[White "Furlan, Miha"]
[Black "Lantini, Marco"]
[Result "1-0"]
[WhiteElo "2340"]
[BlackElo "2158"]

1.d4 Nf6 2.Bg5 c5 3.Bxf6 exf6 4.e3 Qb6 5.b3 Nc6 6.Nf3 g6 7.Be2 cxd4 8.exd4 Qa5+
9.c3 Bh6 10.O-O O-O 11.b4 Qd8 12.d5 Ne7 13.d6 Nf5 14.Na3 b6 15.Nb5 Bb7 16.Nfd4 Nxd4
17.Qxd4 f5 18.Rfd1 Re8 19.Bf1 Re4 20.Qd3 Qf6 21.g3 f4 22.Nc7 fxg3 23.hxg3 Re3
24.Nd5 Bxd5 25.fxe3 Bf3 26.Bg2 Qe5 27.Kf2 Bxg2 28.Kxg2 Bxe3 29.Qd5 Qxd5+
30.Rxd5 Bh6 31.Re1 Bf8 32.c4 a5 33.bxa5 bxa5 34.Rb1 Rc8 35.c5 Kg7 36.Rb7 Kf6
37.Rxd7 Ke6 38.Rc7  1-0

[Event "Pula op 13th"]
[Site "Pula"]
[Date "1999.06.04"]
[Round "6"]
[White "Malaniuk, Vladimir P"]
[Black "Romanishin, Oleg M"]
[Result "1/2-1/2"]
[WhiteElo "2552"]
[BlackElo "2572"]

1.d4 Nf6 2.Bg5 g6 3.Bxf6 exf6 4.e3 Bg7 5.g3 d6 6.Bg2 O-O 7.Ne2 f5 8.O-O Nd7
9.c4 Nf6 10.Nbc3 Bd7 11.Bxb7 Rb8 12.Bg2 Rxb2 13.Qc1 Qb8 14.Nf4 c5 15.Nd3 Rb6
16.dxc5 dxc5 17.Nxc5 Bc6 18.Nb3 Bxg2 19.Kxg2 Rb4 20.Nd2 Rd8 21.Rb1 Qa8+  1/2-1/2

[Event "Rhein Main op"]
[Site "Frankfurt"]
[Date "1999.06.06"]
[Round "7"]
[White "Uwira, Oliver"]
[Black "Kettler, Bernhard"]
[Result "1-0"]
[WhiteElo "2115"]
[BlackElo "2295"]

1.d4 Nf6 2.Bg5 c5 3.d5 d6 4.Bxf6 gxf6 5.e3 Bf5 6.Ne2 Nd7 7.Ng3 Bg6 8.h4 h5
9.Nd2 f5 10.Bd3 Nf6 11.Qf3 f4 12.exf4 Bxd3 13.Qxd3 Bh6 14.Nge4 Nxe4 15.Qxe4 Qa5
16.c3 Qa6 17.g3 O-O-O 18.Qc4 b5 19.Qd3 e6 20.O-O Rhg8 21.a4 Bxf4 22.axb5 Qb7
23.Nb3 Rg4 24.Na5 Qe7 25.dxe6 Qxh4 26.Qf3 d5 27.e7 Rdg8 28.e8=Q+ Rxe8 29.Rfe1 Reg8
30.Kf1 Rxg3 31.fxg3 Rxg3 32.Re8+ Kd7 33.Rd8+ Ke7 34.Re1+ Kf6 35.Qxd5 Qh3+
36.Ke2 Re3+ 37.Kd1 Qg4+ 38.Kc2 Rxe1 39.Qxc5 Re2+ 40.Kb3 Qe6+ 41.Nc4 Re5 42.Qd4 Be3
43.Qxe5+  1-0

[Event "Salongernas Elo"]
[Site "Stockholm"]
[Date "1999.06.08"]
[Round "4"]
[White "Holving, Rasmus"]
[Black "Lappalainen, Tommy"]
[Result "1-0"]
[WhiteElo "2130"]
[BlackElo "2315"]

1.d4 Nf6 2.Bg5 d5 3.Nc3 Bf5 4.f3 Nbd7 5.Nxd5 Nxd5 6.e4 h6 7.Bh4 g5 8.Bf2 e6
9.exd5 exd5 10.Bd3 Qe7+ 11.Ne2 Bxd3 12.Qxd3 Qb4+ 13.c3 Qc4 14.Qe3+ Be7 15.O-O O-O-O
16.b3 Qc6 17.Ng3 Rde8 18.Qd3 Qg6 19.Rad1 h5 20.Rfe1 Bd8 21.Nf5 g4 22.c4 Nf6
23.Re5 dxc4 24.bxc4 gxf3 25.Qxf3 Ng4 26.Rb5 Qc6 27.d5 Qxc4 28.Nd4 Bf6 29.Nc6 Qe4
30.Nxa7+ Kb8 31.Rxb7+ Kxb7 32.Qb3+ Ka8 33.Nb5 Kb8 34.Nd6+  1-0

[Event "Frankfurt-West Masters"]
[Site "Frankfurt"]
[Date "1999.07.02"]
[Round "12"]
[White "Adams, Michael"]
[Black "Leko, Peter"]
[Result "0-1"]
[WhiteElo "2716"]
[BlackElo "2694"]

1.d4 Nf6 2.Bg5 d5 3.e3 c5 4.Bxf6 gxf6 5.c4 cxd4 6.exd4 Nc6 7.Nc3 Be6 8.Nf3 Bg7
9.Be2 O-O 10.O-O Qd7 11.Rc1 Rfd8 12.cxd5 Bxd5 13.Nxd5 Qxd5 14.Bc4 Qd7 15.Qe2 e6
16.Rfd1 Ne7 17.d5 Nxd5 18.Bxd5 exd5 19.Nh4 Re8 20.Qd3 Rad8 21.Nf5 Re5 22.g4 Bf8
23.Qf3 b6 24.Kg2 Bc5 25.Rc2 a5 26.Rcd2 Qe6 27.a3 Re4 28.h3 Qe5 29.Qg3 Rf4
30.f3 Re8 31.h4 Kh8 32.Kh3 h5 33.Rxd5 hxg4+ 34.Qxg4 Rxg4 35.Rxe5 Rxh4+ 36.Kxh4 Rxe5
37.Kg4 Re2 38.Rd8+ Kh7 39.Rd7 Rxb2 40.Rxf7+ Kg8 41.Nh6+ Kh8 42.Kf5 Bxa3 43.Ng4 Rb5+
44.Kxf6 Bc1 45.Ne5 Kg8 46.Rg7+ Kf8 47.Rb7 Kg8 48.Kg6 Kf8 49.Nc6 Ke8 50.Re7+ Kf8
51.Rd7 Bg5 52.Nd4 Re5 53.Nf5 Ke8 54.Rb7 Bf4 55.Rxb6 Kd7 56.Ra6 Kc7 57.Rf6 a4
58.Nd4 Be3 59.Nc2 Bc5 60.Ra6 Re2 61.Rxa4 Rxc2 62.f4 Kd6 63.Re4 Rg2+ 64.Kf6 Ba3
65.f5 Bb2+ 66.Kf7 Rg7+ 67.Kf8 Ra7 68.Re6+ Kd5 69.Re2 Be5 70.Kg8 Ra6 71.Kf7 Rf6+
72.Ke7 Rxf5 73.Rd2+ Bd4 74.Ra2 Bc5+ 75.Kd7 Rf7+ 76.Ke8 Rh7 77.Ra6 Bd6 78.Kd8 Ke6
79.Kc8 Rc7+ 80.Kd8 Rb7 81.Ra8 Rh7 82.Kc8 Kd5 83.Ra6 Rc7+ 84.Kd8 Ke6 85.Ra1 Rg7
86.Re1+ Be5 87.Kc8 Kd6 88.Rd1+ Kc6 89.Rc1+ Kd5 90.Rd1+ Bd4 91.Kd8 Ra7 92.Ke8 Ke5
93.Kf8 Bc5+ 94.Kg8 Kf6 95.Rf1+ Ke6 96.Re1+ Kf5 97.Rf1+ Ke4 98.Re1+ Kd5 99.Rd1+ Bd4
100.Re1 Be5 101.Rd1+ Ke6 102.Re1 Ra8+ 103.Kh7 Kf7 104.Rf1+ Bf6  0-1

[Event "Swidnica op"]
[Site "Swidnica"]
[Date "1999.07.03"]
[Round "6"]
[White "Jaracz, Pawel"]
[Black "Malakhatko, Vadim"]
[Result "0-1"]
[WhiteElo "2439"]
[BlackElo "2496"]

1.d4 Nf6 2.Bg5 c5 3.Bxf6 gxf6 4.d5 Qb6 5.Qc1 f5 6.g3 Qh6 7.e3 Bg7 8.c3 O-O
9.Qc2 e6 10.Bg2 Na6 11.Na3 Nc7 12.d6 Ne8 13.Nc4 Rb8 14.a4 b6 15.Nf3 Ba6 16.Nfd2 Nf6
17.h3 Ne4 18.Nxe4 fxe4 19.Qxe4 Bb7 20.Qxb7 Rxb7 21.Bxb7 Rb8 22.Ba6 Qh5 23.g4 Qd5  0-1

[Event "Politiken Cup"]
[Site "Copenhagen"]
[Date "1999.07.04"]
[Round "2"]
[White "Gunter, David WW"]
[Black "Hardarson, Robert"]
[Result "0-1"]
[WhiteElo "2146"]
[BlackElo "2331"]

1.d4 Nf6 2.Bg5 c5 3.d5 g6 4.Nc3 Bg7 5.e4 d6 6.f3 h6 7.Be3 a6 8.Qd2 b5 9.a4 b4
10.Nd1 e6 11.Bc4 exd5 12.Bxd5 Nxd5 13.Qxd5 Ra7 14.Ne2 O-O 15.O-O Kh7 16.c3 Be6
17.Qd2 Nc6 18.Bf2 Na5 19.Qe1 Nb3 20.Rb1 a5 21.Ne3 d5 22.exd5 Bxd5 23.Rd1 Rd7
24.Nxd5 Rxd5 25.Rxd5 Qxd5 26.Qd1 Rd8 27.Qxd5 Rxd5 28.Nc1 Nd2 29.Re1 bxc3
30.bxc3 Bxc3 31.Re7 Nc4 32.g4 Rd1+ 33.Kg2 Rxc1 34.Rxf7+ Kg8 35.Rd7 Rc2 36.Kg3 g5
37.Bg1 Be1+ 38.Kh3 Ne5 39.Rd8+ Kf7 40.Rd5 Ng6 41.Be3 Bf2 42.Rd2 Rxd2 43.Bxd2 Nf4+
44.Bxf4 gxf4 45.Kg2 Bh4 46.Kf1 Ke6 47.Ke2 Kd5 48.Kd3 c4+  0-1

[Event "Politiken Cup"]
[Site "Copenhagen"]
[Date "1999.07.13"]
[Round "10"]
[White "Sinkbaek, Aage"]
[Black "Bekker Jensen, Anne"]
[Result "1-0"]
[WhiteElo "2232"]
[BlackElo "2074"]

1.d4 Nf6 2.Bg5 g6 3.Bxf6 exf6 4.g3 f5 5.Bg2 Bg7 6.e3 O-O 7.Ne2 d5 8.O-O c6
9.c4 dxc4 10.Qc2 Be6 11.Nf4 Qd6 12.Nxe6 fxe6 13.Qxc4 Kh8 14.Nc3 Nd7 15.Rad1 Nb6
16.Qb3 e5 17.dxe5 Qxe5 18.Rd2 Rad8 19.Rfd1 Rxd2 20.Rxd2 Qe7 21.a4 Qf7 22.Qd1 Re8
23.a5 Nc4 24.Rd7 Re7 25.Rd8+ Re8 26.a6 bxa6 27.Bxc6 Rxd8 28.Qxd8+ Qf8 29.Qc7 Nxb2
30.Nd5 Nd3 31.Qxa7 Nb4 32.Nxb4 Qxb4 33.Qxa6 Qd6 34.h4 Be5 35.Kg2 Kg7 36.Qb7+ Kh6
37.Bd5 Qc7 38.Qb4 Qd6 39.Qd2 Kg7 40.Qa2 Bf6 41.Qc4 Be5 42.Bf3 Qc7 43.Qa4 Qe7
44.h5 Bd6 45.Qa1+ Be5 46.Qh1 Qg5 47.Be2 f4 48.exf4 Bxf4 49.h6+ Kf8 50.Kf1 Bc1
51.Qa8+ Ke7 52.Qb7+ Kd6 53.Qb6+ Kd5 54.Bf3+ Kc4 55.Qc7+ Kb4 56.Qxh7 Qxh6
57.Qb7+ Kc4 58.Qc6+ Kb4 59.Be4 Qh3+ 60.Kg1 Be3 61.Qxg6 Bc5 62.Bg2 Qh8 63.Qb1+ Ka3
64.Qd3+ Kb4 65.Bd5 Qa1+ 66.Kg2 Qc1 67.Qb3+  1-0

[Event "Komercni Banka op"]
[Site "Pardubice"]
[Date "1999.07.16"]
[Round "1"]
[White "Bombek, Peter"]
[Black "Hasangatin, Ramil"]
[Result "0-1"]
[WhiteElo "2270"]
[BlackElo "2449"]

1.d4 Nf6 2.Bg5 c5 3.dxc5 e6 4.Nd2 Bxc5 5.e3 Nc6 6.Ngf3 O-O 7.Be2 d5 8.O-O e5
9.Bxf6 Qxf6 10.Nb3 Qd6 11.c4 dxc4 12.Bxc4 Bg4 13.Rc1 Qxd1 14.Rfxd1 Bb6 15.h3 Bxf3
16.gxf3 Rfd8 17.Bb5 Rxd1+ 18.Rxd1 Rd8 19.Rxd8+ Nxd8 20.Kf1 Kf8 21.Ke2 Ke7
22.Nd2 f5 23.Bd3 g6 24.Bc4 Ne6 25.Bd5 Nd8 26.Kd3 Bc7 27.Nb1 Ne6 28.Nc3 Ba5
29.a3 Bxc3 30.Kxc3 b6 31.Kc4 Ng5 32.h4 Nh3 33.Kb5 Nxf2 34.Ka6 Nd1 35.e4 Ne3
36.Bg8 fxe4 37.fxe4 h6 38.Kxa7 g5 39.hxg5 hxg5 40.Kxb6 g4  0-1

[Event "Komercni Banka op"]
[Site "Pardubice"]
[Date "1999.07.18"]
[Round "3"]
[White "Teske, Henrik"]
[Black "Pilgaard, Kim"]
[Result "1-0"]
[WhiteElo "2515"]
[BlackElo "2406"]

1.d4 Nf6 2.Bg5 c5 3.Bxf6 gxf6 4.dxc5 Qa5+ 5.Nd2 Qxc5 6.g3 Qc7 7.Bg2 Nc6 8.c3 Bg7
9.e3 Rb8 10.Ne2 b5 11.O-O O-O 12.Rc1 Ne5 13.Nf4 Bb7 14.Nf3 Nxf3+ 15.Bxf3 Bh6
16.Bxb7 Qxb7 17.Nd5 d6 18.Qg4+ Kh8 19.Rfd1 Rg8 20.Qh3 Rg6 21.Rd4 e6 22.Nf4 Bxf4
23.exf4 Qe7 24.Rcd1 Rd8 25.Qf1 a6 26.a4 e5 27.Rb4 exf4 28.Rxf4 Rg5 29.Qd3 Re5
30.Rh4 f5 31.axb5 axb5 32.Rd4 Kg7 33.Qf3 Qe6 34.Kg2 Re2 35.Qf4 Rd7 36.R1d2 Rxd2
37.Qg5+ Kf8 38.Qxd2 Ke7 39.Qe3 Rb7 40.Rf4 d5 41.Rxf5 Kd6 42.Rf4 f6 43.Qd4 Ke7
44.Qc5+  1-0

[Event "Dutch Open"]
[Site "Dieren"]
[Date "1999.07.20"]
[Round "1"]
[White "Wilgenhof, Otto"]
[Black "Gershon, Alik"]
[Result "1-0"]
[WhiteElo "2235"]
[BlackElo "2492"]

1.d4 Nf6 2.Bg5 c5 3.d5 Qb6 4.Bc1 e6 5.dxe6 Qxe6 6.Nf3 d5 7.g3 h6 8.Bg2 Be7
9.Na3 Bd7 10.c4 d4 11.b4 cxb4 12.Nxd4 Qb6 13.Nac2 Nc6 14.Nb3 Rd8 15.Ne3 Bh3
16.Qc2 Bxg2 17.Nxg2 Nd4 18.Nxd4 Qxd4 19.Bb2 Qe4 20.Qxe4 Nxe4 21.Bxg7 Rh7
22.Be5 Bc5 23.f3 f6 24.Bb2 Nc3 25.Nf4 Re7 26.Bxc3 bxc3 27.Nd5 Rxd5 28.cxd5 Re3
29.Kd1 b5 30.Re1 Kd7 31.Kc2 Kd6 32.Rad1 b4 33.g4 a5 34.Rd3 a4 35.Rxe3 Bxe3
36.Kd3 Bd2 37.Rb1 Kc5 38.d6 Bf4 39.d7 Bc7 40.h4 Ba5 41.f4  1-0

[Event "SCO-ch"]
[Site "Edinburgh"]
[Date "1999.07.20"]
[Round "5"]
[White "Orr, Mark J L"]
[Black "Berry, Neil"]
[Result "0-1"]
[WhiteElo "2350"]
[BlackElo "2200"]

1.d4 Nf6 2.Bg5 c5 3.Bxf6 gxf6 4.d5 Qb6 5.Qc1 f5 6.c4 Bg7 7.Nc3 d6 8.e3 Nd7
9.Nh3 Nf6 10.f3 Bd7 11.Bd3 Rg8 12.O-O Bh6 13.f4 O-O-O 14.Qc2 e6 15.Kh1 Rg6
16.e4 Rdg8 17.Rf2 fxe4 18.Nxe4 Nxe4 19.Bxe4 Rg4 20.Bxh7 Rh8 21.Ng5 Bxg5 22.fxg5 Qd8
23.Rxf7 Qxg5 24.Raf1 Rh4 25.Rf8+ Rxf8 26.Rxf8+ Kc7 27.Rf7 Qh5 28.Bg6 Rxh2+
29.Kg1 Rh1+ 30.Kf2 Qh4+ 31.Ke2 Qg4+ 32.Kf2 Qh4+ 33.Ke2 Qe1+ 34.Kd3 Rh4 35.Rxd7+ Kxd7
36.Qa4+ Kc7 37.Be8 Rd4+ 38.Kc2 Qd1+  0-1